00553nam a2200169 450000500170000001000150001702000260003203500140005803700130007208200110008510000230009624500740011926000310019327000890022430000200031350000500033320190514170356.0 aENG-125185 a9788181523167c850.00 aEN-108717 bDBAD/PUB a808.88 aKrishna Kant Singh aA study in contemporary Indian english novels/cby Krishna Kant Singh aJaipurbBook Enclavec2013 aF-11, S.S Tower, Dhamani Street, Chaura RastabJaipure302003mbookenclave@yahoo.com a227p.c22cm(Hb) aIncludes bibliographical references and index